Statistieken voor Afrikaanse Hoofdsteden - Meerkeuze

Klik hier om de quiz te nemen!

Algemene statistieken

  • Deze quiz is 593 keer genomen
  • De gemiddelde score is 11 van 15

Antwoordstatistieken

VraagAntwoord% Correct
MarokkoRabat
90%
TunesiëTunis
90%
EthiopiëAddis Abeba
82%
NigeriaAbuja
77%
GhanaAccra
77%
IvoorkustYamoussoukro
75%
MozambiqueMaputo
74%
KameroenYaoundé
74%
MaliBamako
71%
GambiaBanjul
70%
ZambiaLusaka
69%
EritreaAsmara
67%
LesothoMaseru
65%
SeychellenVictoria
62%
BurundiGitega
57%

Scoreverdeling

Percentiel versus Aantal Correcte Antwoorden

Procent van Mensen met Elke Score

Uw Scoregeschiedenis

U heeft deze quiz nog niet genomen